000 00551nam a2200169 4500
001 143552
003 ES-MaACL
005 20230906200838.0
007 t|
008 070214s1968 sp r ||||1| spa d
100 1 _aSerer, Vicente.
_9105537
245 1 0 _aRenovación de la vida religiosa
_b: resortes psicopedagógicos /
_cVicente Serer ; prólogo de José Miguel Miranda Arraiza.
260 _aMadrid :
_bStudium,
_c1968.
300 _a241 p. ;
_c18 cm.
700 1 _aMiranda Arraiza, José Miguel.
_981543
852 _aES-MaACL
_jC-37176
_bR.67944
999 _c143552
_d143552